000 00291nam a2200121Ia 4500
100 _aVenkataramani Y
942 _cBK
654 _aLinear integrated circuits
245 _aLinear Integrated Circuits & application
260 _bISTE Learning Materials
546 _aENGLISH
999 _c18578
_d18578